Sports Quiz

Random Sports or Clickable Quiz

Quick Pick: NFL Teams by Last Offensive ROY Quiz Stats

 Plays Quiz not verified by Sporcle

Challenge
Share
Tweet
Embed
Score 0/23 Timer 01:30
0 Plays Today
% Correct
Steelers
91.7%
Panthers
91%
Cowboys
90.7%
Giants
90.7%
Falcons
90.7%
Packers
90%
Lions
90%
Redskins
89.6%
Titans
88.6%
Rams
85.5%
Colts
84.8%
Cardinals
83.7%
% Correct
Raiders
83.7%
Vikings
81%
Buccaneers
73.4%
Patriots
72.3%
Broncos
71.6%
Bengals
56.1%
Bears
53.6%
Saints
36.7%
Bills
34.9%
Dolphins
30.8%
Chargers
28.4%

You're not logged in!

Compare scores with friends on all Sporcle quizzes.
Join for Free
OR
Log In

You Might Also Like...

Show Comments

Extras

Top Quizzes Today


Score Distribution

Your Account Isn't Verified!

In order to create a playlist on Sporcle, you need to verify the email address you used during registration. Go to your Sporcle Settings to finish the process.

Report this User

Report this user for behavior that violates our Community Guidelines.

Details: